Sports Quiz

Random Sports or WWE Quiz

2000 WWE Royal Rumble Quiz Stats

 Plays Quiz not verified by Sporcle

Challenge
Share
Tweet
Embed
Score 0/30 Timer 06:00
0 Plays Today
entry # Wrestler % Correct
24*The Rock
95.7%
28Kane
89.1%
26Big Show
87.3%
13Edge
81.7%
4Christian
80.6%
30X-Pac
79.6%
15Chris Jericho
79.6%
25Billy Gunn
77.1%
19Road Dogg
77%
5Rikishi
76.1%
9Big Boss Man
74.5%
17Chyna
73.3%
6Scotty 2 Hotty
69.7%
1D'Lo Brown
69.1%
10Test
69.1%
entry # Wrestler % Correct
2Grand Master Sexay
68.8%
27Bradshaw
67.8%
23Hardcore Holly
64.6%
16Crash Holly
64.5%
8Viscera
63.2%
18Faarooq
62%
29The Godfather
61.7%
21Val Venis
60.3%
7Steve Blackman
58.9%
20Al Snow
58.9%
12Gangrel
57.7%
22Prince Albert
55.3%
3Mosh
52.9%
11British Bulldog
49.7%
14Bob Backlund
39.6%

You're not logged in!

Compare scores with friends on all Sporcle quizzes.
Join for Free
OR
Log In

You Might Also Like...

Show Comments

Extras

Top Quizzes Today


Score Distribution

Your Account Isn't Verified!

In order to create a playlist on Sporcle, you need to verify the email address you used during registration. Go to your Sporcle Settings to finish the process.

Report this User

Report this user for behavior that violates our Community Guidelines.

Details: